000 00337nab a2200133Ia 4500
003 ES-SlBCS
005 20210601134438.0
008 140529s1939 xxu||||| |||| 00| 0 spa d
041 _aspa
100 1 _aWalz, Angelo
_9133357
245 0 0 _aBistum
_c Angelo Walz
773 0 _tAngelicum
_gvol. 16, 1939, págs. 349-363
_wRev26
942 _cAR
999 _c612724
_d612724